00229nam a2200097Ia 4500008004100000100001200041245003400053260002600087300000800113650001000121190216s9999||||xx |||||||||||||| ||und|| aValsala 0aKonichotile Muriyile Velicham bPoorna Pubs Kozhikode a131 aNovel